[Event "USCL Week 8"]
[Site "Internet Chess Club"]
[Date "2015.10.14"]
[Round "?"]
[White "Morshedi, Ali"]
[Black "Toolin, Chris"]
[Result "0-1"]
[WhiteElo "2328"]
[BlackElo "2328"]
[PlyCount "94"]
[EventDate "2015.??.??"]

1. c4 Nf6 2. Nc3 e6 3. g3 d5 4. d4 Be7 5. Nf3 O-O 6. cxd5 exd5 7. Bg2 c6 8. O-O
Re8 9. b3 Bb4 10. Bb2 Qa5 11. Qc1 Qa6 12. Ne5 Bf5 13. Qf4 Bg6 14. Rfe1 Qa5 15.
Rec1 Nbd7 16. Nxg6 hxg6 17. Bf3 Nf8 18. a3 Be7 19. b4 Qd8 20. Qd2 Qd7 21. Qd3
Ne6 22. Rf1 Ng5 23. Bg2 Bd8 24. f3 Bb6 25. Rad1 Re7 26. Bc1 Ne6 27. e3 Ne8 28.
Na4 Nd6 29. Nc5 Bxc5 30. dxc5 Nb5 31. Bb2 Qe8 32. e4 dxe4 33. fxe4 a5 34. Qc4
axb4 35. Qxb4 Nbc7 36. Qc3 Na6 37. Bc1 Naxc5 38. Be3 Nd7 39. Rf2 Nf6 40. Rb2
Rd7 41. Rdb1 Qe7 42. Qb4 Rxa3 43. Bf4 Qxb4 44. Rxb4 g5 45. Bb8 b5 46. R4b2 Rd8
47. e5 Ne8 0-1

[Event "USCL Week 8"]
[Site "Internet Chess Club"]
[Date "2015.10.14"]
[Round "?"]
[White "Bartholomew, John"]
[Black "Adamson, Robby"]
[Result "1-0"]
[WhiteElo "2555"]
[BlackElo "2360"]
[PlyCount "99"]
[EventDate "2015.??.??"]

1. d4 Nf6 2. Nf3 e6 3. c4 d5 4. Qc2 dxc4 5. Qxc4 a6 6. Bg5 b5 7. Qc2 Bb7 8.
Nbd2 Nbd7 9. Nb3 Rc8 10. Nc5 Nxc5 11. dxc5 Be4 12. Qc3 Qd5 13. Bxf6 gxf6 14.
Nd2 Bxg2 15. Rg1 Bxf1 16. Qxf6 Bh3 17. Qxh8 Qxc5 18. Qc3 Qxc3 19. bxc3 Bf5 20.
a4 b4 21. cxb4 Bxb4 22. Rg8+ Bf8 23. Rc1 Bg6 24. Rc6 a5 25. Nc4 f6 26. Rxe6+
Kd7 27. Rxf8 Rxf8 28. Ra6 Be4 29. Rxa5 Kc6 30. f3 Bd5 31. Ne3 Be6 32. Nc2 Bd7
33. Rh5 Rf7 34. a5 Be8 35. Nd4+ Kd6 36. Nf5+ Kc6 37. e4 Rd7 38. Rh6 Bg6 39. Nh4
Rg7 40. Kf2 Kb5 41. Ke3 Kxa5 42. f4 c5 43. f5 Be8 44. Rxf6 Bb5 45. Rf8 Rg4 46.
Nf3 Bc6 47. Nd2 Kb4 48. Rc8 Bd7 49. Rc7 Rg7 50. Nf3 1-0

[Event "USCL Week 8"]
[Site "Internet Chess Club"]
[Date "2015.10.14"]
[Round "?"]
[White "Atoufi, Pedram"]
[Black "Tang, Andrew"]
[Result "1-0"]
[WhiteElo "2368"]
[BlackElo "2475"]
[PlyCount "99"]
[EventDate "2015.??.??"]

1. e4 e5 2. Nf3 Nc6 3. Bb5 a6 4. Ba4 Nf6 5. O-O Be7 6. Re1 b5 7. Bb3 d6 8. c3
O-O 9. d4 Bg4 10. Be3 exd4 11. cxd4 d5 12. e5 Ne4 13. Nbd2 Qd7 14. h3 Bh5 15.
g4 Bg6 16. Nxe4 dxe4 17. e6 fxe6 18. Ne5 Nxe5 19. dxe5 Qc8 20. a4 c5 21. axb5
c4 22. Ba4 Bb4 23. Re2 Rd8 24. Qc1 Qc7 25. b6 Qxe5 26. b7 Rab8 27. Bf4 Qd5 28.
Bxb8 Rxb8 29. Bb3 Qxb7 30. Bxc4 Kh8 31. Rxa6 Rc8 32. Qg5 Be7 33. Qb5 Qc7 34.
Bxe6 Rf8 35. Qc6 Qb8 36. Bd5 Be8 37. Qe6 Bc5 38. Kg2 Qb5 39. Bc4 Qb7 40. Bd5
Qb5 41. Rc2 Bd7 42. Bc4 Qb7 43. Qd5 Qc7 44. Ra8 Bc8 45. b4 e3 46. f3 Bxb4 47.
Bb3 Bc3 48. Qe4 Qc5 49. Be6 e2 50. Qxe2 1-0

[Event "USCL Week 9"]
[Site "Internet Chess Club"]
[Date "2015.10.20"]
[Round "?"]
[White "Rozman, Levy"]
[Black "Winer, Steven"]
[Result "1-0"]
[WhiteElo "2378"]
[BlackElo "2425"]
[PlyCount "65"]
[EventDate "2015.??.??"]

1. e4 c5 2. Nf3 d6 3. Bb5+ Nd7 4. d4 Ngf6 5. e5 Qa5+ 6. Nc3 Ne4 7. Rb1 cxd4 8.
Qxd4 Nxc3 9. bxc3 a6 10. Bxd7+ Bxd7 11. O-O Bc6 12. exd6 Qd5 13. Qxd5 Bxd5 14.
d7+ Kd8 15. Rd1 e6 16. Ne5 Bd6 17. Nxf7+ Kxd7 18. Nxd6 Kxd6 19. c4 b5 20. Bf4+
Kc6 21. cxd5+ exd5 22. Rb3 Rhe8 23. Rc3+ Kb7 24. Rc7+ Kb6 25. Rxg7 Rac8 26.
Be3+ Ka5 27. Rxd5 Rxc2 28. g4 Rxa2 29. Rxh7 Kb4 30. g5 Kc4 31. Rd4+ Kc3 32.
Rc7+ Kb3 33. g6 1-0

[Event "USCL Week 9"]
[Site "Internet Chess Club"]
[Date "2015.10.20"]
[Round "?"]
[White "Rubenchik, Rodion"]
[Black "Subervi, Jonathan"]
[Result "1-0"]
[WhiteElo "2331"]
[BlackElo "2297"]
[PlyCount "51"]
[EventDate "2015.??.??"]

1. Nf3 c5 2. c4 Nc6 3. d4 cxd4 4. Nxd4 g6 5. e4 Nf6 6. Nc3 d6 7. Be2 Nxd4 8.
Qxd4 Bg7 9. Bg5 O-O 10. Qe3 Be6 11. O-O Qa5 12. Rab1 Rfc8 13. b4 Qb6 14. c5
dxc5 15. Na4 Qc6 16. Nxc5 Bxa2 17. Rbc1 b6 18. b5 Qe8 19. Na6 Rxc1 20. Rxc1 Rc8
21. Nc7 Qd7 22. Bf4 Nh5 23. Rd1 Qxd1+ 24. Bxd1 Nxf4 25. Qxf4 e5 26. Qd2 1-0

[Event "USCL Week 9"]
[Site "Internet Chess Club"]
[Date "2015.10.20"]
[Round "?"]
[White "Bartell, Tom"]
[Black "Paragua, Mark"]
[Result "1/2-1/2"]
[WhiteElo "2483"]
[BlackElo "2638"]
[PlyCount "74"]
[EventDate "2015.??.??"]

1. d4 Nf6 2. c4 g6 3. Nc3 Bg7 4. e4 d6 5. f3 O-O 6. Nge2 c5 7. d5 e6 8. Ng3
exd5 9. cxd5 a6 10. a4 h5 11. Be2 h4 12. Nf1 Nh7 13. Ne3 f5 14. exf5 Bxf5 15.
Nxf5 gxf5 16. O-O Nd7 17. f4 Bd4+ 18. Kh1 Qf6 19. Bf3 Rae8 20. Ne2 Be3 21. a5
Bxc1 22. Qxc1 Qg6 23. Ra3 Ndf6 24. Rb3 Rf7 25. Rb6 Ne4 26. Bxe4 Rxe4 27. Ng1
Rg7 28. Rf2 Nf6 29. Rxd6 Ng4 30. Rd8+ Kh7 31. Rd2 Nxh2 32. Qxc5 Nf1 33. Qf8
Ng3+ 34. Kh2 Nf1+ 35. Kh1 Ng3+ 36. Kh2 Nf1+ 37. Kh1 Ng3+ 1/2-1/2

[Event "USCL Week 9"]
[Site "Internet Chess Club"]
[Date "2015.10.20"]
[Round "?"]
[White "Cunningham, Robin"]
[Black "Harris, Ian"]
[Result "1-0"]
[WhiteElo "2252"]
[BlackElo "2346"]
[PlyCount "73"]
[EventDate "2015.??.??"]

1. e4 e5 2. Nf3 Nc6 3. Nc3 Bc5 4. Nxe5 Nxe5 5. d4 Bd6 6. dxe5 Bxe5 7. Bd3 d6 8.
O-O Qh4 9. f4 Bd4+ 10. Kh1 Bb6 11. Qe1 Qxe1 12. Rxe1 Nf6 13. Be3 Bxe3 14. Rxe3
Bd7 15. Nd5 O-O-O 16. Nxf6 gxf6 17. Kg1 Rde8 18. Kf2 Bc6 19. Rae1 Rhg8 20. g3
h6 21. Bc4 Re7 22. a3 Rge8 23. c3 Kd7 24. Bd5 Bxd5 25. exd5 f5 26. Rxe7+ Rxe7
27. Rxe7+ Kxe7 28. Ke3 Kd7 29. Kd4 c6 30. dxc6+ Kxc6 31. c4 a6 32. b3 b6 33. b4
b5 34. Kd3 d5 35. c5 f6 36. Kd4 h5 37. h3 1-0

[Event "USCL Week 9"]
[Site "Internet Chess Club"]
[Date "2015.10.20"]
[Round "?"]
[White "Arun, Siddharth"]
[Black "Nakada, Akira"]
[Result "1-0"]
[WhiteElo "2228"]
[BlackElo "2035"]
[PlyCount "65"]
[EventDate "2015.??.??"]

1. Nf3 d5 2. d4 Nf6 3. Bf4 e6 4. e3 Be7 5. Bd3 O-O 6. Nbd2 b6 7. c3 Bb7 8. Qb1
Nbd7 9. Ne5 h6 10. Bg3 Nh5 11. Ndf3 Nxg3 12. hxg3 Nf6 13. Ng5 Ne4 14. Nxe4 dxe4
15. Bxe4 Bxe4 16. Qxe4 Bd6 17. Nc6 Qd7 18. g4 Rae8 19. g5 f5 20. gxf6 Rxf6 21.
f4 Ref8 22. g3 Rf5 23. c4 h5 24. b4 R8f6 25. b5 Rg6 26. Qf3 Qf7 27. e4 Rxg3 28.
Qxg3 Bxf4 29. Qg6 Bd2+ 30. Kxd2 Rf2+ 31. Ke1 Qf3 32. Qe8+ Kh7 33. Rxh5+ 1-0

[Event "USCL Week 9"]
[Site "Internet Chess Club"]
[Date "2015.10.20"]
[Round "?"]
[White "Sanchez, Robert"]
[Black "Bell, Eric"]
[Result "1-0"]
[WhiteElo "2157"]
[BlackElo "2050"]
[PlyCount "69"]
[EventDate "2015.??.??"]

1. e4 c5 2. Nf3 d6 3. d4 Nf6 4. Nc3 cxd4 5. Nxd4 a6 6. Be3 e5 7. Nb3 Be7 8. f3
Be6 9. Qd2 b5 10. Nd5 Bxd5 11. exd5 O-O 12. Be2 Qc7 13. O-O Nfd7 14. a4 bxa4
15. Rxa4 Nb6 16. Rg4 f5 17. Rb4 N8d7 18. Ra1 Nc5 19. Nxc5 dxc5 20. Rb3 Rfd8 21.
Rxa6 Rxa6 22. Bxa6 f4 23. Bf2 Ra8 24. d6 Bxd6 25. Rxb6 Qxb6 26. Qd5+ Kf8 27.
Qxa8+ Bb8 28. Qb7 Qd6 29. Qc8+ Kf7 30. Bxc5 Qd1+ 31. Bf1 Qxc2 32. Qd7+ Kf6 33.
Be7+ Kf7 34. Bd8+ Kg6 35. Bd3+ 1-0

[Event "USCL Week 9"]
[Site "Internet Chess Club"]
[Date "2015.10.20"]
[Round "?"]
[White "Schroer, Jonathan"]
[Black "Kudrin, Sergey"]
[Result "1/2-1/2"]
[WhiteElo "2427"]
[BlackElo "2586"]
[PlyCount "60"]
[EventDate "2015.??.??"]

1. d4 Nf6 2. c4 g6 3. f3 Nc6 4. e4 e5 5. Ne2 Bb4+ 6. Bd2 exd4 7. Bxb4 Nxb4 8.
Nxd4 O-O 9. Nc3 Nh5 10. g3 d6 11. Qd2 c6 12. Be2 Qe7 13. O-O-O Rd8 14. Rhe1 Bd7
15. Kb1 Ng7 16. h4 Be6 17. f4 f6 18. g4 Bf7 19. Bf1 a5 20. g5 Na6 21. Qf2 Nc5
22. f5 Nd7 23. fxg6 hxg6 24. Nf3 fxg5 25. hxg5 Ne5 26. Nxe5 dxe5 27. Qg3 Nh5
28. Qh4 Rxd1+ 29. Nxd1 a4 30. a3 Rd8 1/2-1/2

[Event "USCL Week 9"]
[Site "Internet Chess Club"]
[Date "2015.10.20"]
[Round "?"]
[White "Izoria, Zviad"]
[Black "Brattain, Mika"]
[Result "1-0"]
[WhiteElo "2638"]
[BlackElo "2452"]
[PlyCount "69"]
[EventDate "2015.??.??"]

1. d4 d5 2. Bf4 Nf6 3. e3 e6 4. Nd2 c5 5. c3 Nc6 6. Ngf3 Bd6 7. Bg3 O-O 8. Bd3
b6 9. Ne5 Bb7 10. f4 Ne7 11. Qb1 g6 12. Bf2 a5 13. O-O Ba6 14. Bh4 Nd7 15. Bxa6
Rxa6 16. e4 f5 17. exd5 exd5 18. Qd3 Nb8 19. Nc6 Nbxc6 20. Qxa6 cxd4 21. Nb3
dxc3 22. bxc3 Qc7 23. g3 Ba3 24. Rad1 Kf7 25. Rfe1 Rd8 26. Qb5 Rd7 27. Kg2 Na7
28. Qe2 Nac6 29. Qe6+ Kf8 30. Qf6+ Kg8 31. Qe6+ Kf8 32. Bg5 Rd6 33. Bh6+ Ke8
34. Qg8+ Kd7 35. Qxh7 1-0

[Event "USCL Week 9"]
[Site "Internet Chess Club"]
[Date "2015.10.20"]
[Round "?"]
[White "Kumar, Aravind"]
[Black "Costigan, Richard"]
[Result "1-0"]
[WhiteElo "2286"]
[BlackElo "2288"]
[PlyCount "91"]
[EventDate "2015.??.??"]

1. d4 Nf6 2. c4 c5 3. d5 b5 4. cxb5 a6 5. e3 g6 6. Nc3 d6 7. a4 Bg7 8. e4 O-O
9. Nf3 e6 10. Bc4 axb5 11. Bxb5 exd5 12. exd5 Na6 13. O-O Bb7 14. Bf4 Nb4 15.
Bc6 Qb8 16. Bxb7 Qxb7 17. Bxd6 Rfc8 18. Be5 Nbxd5 19. Nb5 Rd8 20. Qc2 Rac8 21.
Nd6 Rxd6 22. Bxd6 Nb4 23. Qc4 Ne4 24. Bf4 Bxb2 25. Rae1 Re8 26. Re2 Qd5 27. Qb5
Rd8 28. Rxb2 Nd3 29. Bc7 Rd7 30. Qb8+ Kg7 31. Ba5 g5 32. Nd2 Nd6 33. Qb3 c4 34.
Qc3+ f6 35. Bb4 Nf5 36. Rbb1 Nh4 37. f3 Qa8 38. Ne4 Ne5 39. Rbd1 Qxa4 40. Rxd7+
Qxd7 41. Bd6 Qa7+ 42. Kh1 Nd7 43. Qxc4 Qe3 44. Bc5 Nxc5 45. Qxc5 Qd3 46. Qe7+
1-0

[Event "USCL Week 9"]
[Site "Internet Chess Club"]
[Date "2015.10.20"]
[Round "?"]
[White "Edelman, Danny"]
[Black "Balleisen, Aaron"]
[Result "1-0"]
[WhiteElo "2460"]
[BlackElo "2282"]
[PlyCount "91"]
[EventDate "2015.??.??"]

1. e4 c5 2. Nf3 d6 3. d4 cxd4 4. Nxd4 Nf6 5. Nc3 Nc6 6. Be3 Ng4 7. Bb5 Nxe3 8.
fxe3 Bd7 9. O-O e6 10. Bxc6 bxc6 11. e5 Be7 12. Qh5 O-O 13. exd6 Bg5 14. Rae1
f5 15. Qe2 c5 16. Nf3 Bf6 17. e4 Qb6 18. e5 Bd8 19. Rb1 c4+ 20. Kh1 Rc8 21. Qd2
h6 22. Rfe1 Kh7 23. Nd4 Bg5 24. Qf2 Bd8 25. Nce2 g5 26. b4 c3 27. Qe3 Rc4 28.
a3 Qb7 29. Qd3 Qd5 30. Nb3 Bc6 31. Qxd5 Bxd5 32. Rbd1 f4 33. Rxd5 exd5 34. e6
Re4 35. Nc5 Re3 36. Kg1 Bb6 37. e7 Rf6 38. Kf2 Rxd6 39. Nd4 Rxe1 40. Kxe1 Rd8
41. exd8=Q Bxd8 42. Ke2 g4 43. Nde6 f3+ 44. gxf3 gxf3+ 45. Kxf3 Bf6 46. Nf4 1-0

[Event "USCL Week 9"]
[Site "Internet Chess Club"]
[Date "2015.10.20"]
[Round "?"]
[White "Katz, Alexander"]
[Black "Kacheishvili, Giorgi"]
[Result "1-0"]
[WhiteElo "2464"]
[BlackElo "2672"]
[PlyCount "83"]
[EventDate "2015.??.??"]

1. e4 e6 2. d4 d5 3. Nc3 Nf6 4. Bg5 Be7 5. e5 Nfd7 6. Bxe7 Qxe7 7. f4 O-O 8.
Nf3 c5 9. Nb5 Nc6 10. Bd3 f6 11. c3 a6 12. Nd6 cxd4 13. cxd4 fxe5 14. fxe5 Rxf3
15. Qxf3 Nxd4 16. Qh5 g6 17. Bxg6 hxg6 18. Qxg6+ Qg7 19. Qe8+ Qf8 20. Qg6+ Qg7
21. Qxg7+ Kxg7 22. Rc1 Nc6 23. O-O Ndxe5 24. Rc3 Ne7 25. Rg3+ N5g6 26. h4 e5
27. Rf7+ Kh6 28. h5 Nf4 29. Rxe7 Ne2+ 30. Kf2 Nxg3 31. Kxg3 d4 32. Kh4 d3 33.
g4 Bxg4 34. Kxg4 Rg8+ 35. Kh4 Rf8 36. Rxe5 d2 37. Rd5 Rf2 38. b3 Rh2+ 39. Kg3
d1=Q 40. Rxd1 Rxa2 41. Nxb7 a5 42. Rd6+ 1-0

[Event "USCL Week 9"]
[Site "Internet Chess Club"]
[Date "2015.10.20"]
[Round "?"]
[White "Haskel, Jeffrey"]
[Black "Benjamin, Joel"]
[Result "0-1"]
[WhiteElo "2355"]
[BlackElo "2629"]
[PlyCount "64"]
[EventDate "2015.??.??"]

1. e4 c5 2. Nf3 Nc6 3. b3 e5 4. Bb2 d6 5. Bb5 Nf6 6. d3 g6 7. Nbd2 Bg7 8. Nc4
O-O 9. Bxc6 bxc6 10. Qd2 Nh5 11. Qa5 Qe7 12. O-O-O Nf4 13. Ne3 Be6 14. Kb1 Rfb8
15. g3 Ne2 16. Qd2 Nd4 17. Nxd4 exd4 18. Ng2 a5 19. f4 a4 20. Rhf1 axb3 21.
axb3 c4 22. dxc4 Bxc4 23. Rfe1 Qa7 24. e5 dxe5 25. fxe5 d3 26. cxd3 Bxb3 27.
Qc3 Qa2+ 28. Kc1 Bxd1 29. Rxd1 Rb3 30. Qd4 c5 31. Qf2 Bxe5 32. Bxe5 Rb1# 0-1

[Event "USCL Week 9"]
[Site "Internet Chess Club"]
[Date "2015.10.20"]
[Round "?"]
[White "Holt, Conrad"]
[Black "Flores, Mauricio"]
[Result "1-0"]
[WhiteElo "2615"]
[BlackElo "2565"]
[PlyCount "71"]
[EventDate "2015.??.??"]

1. d4 Nf6 2. c4 g6 3. Nc3 d5 4. Nf3 Bg7 5. Qb3 dxc4 6. Qxc4 O-O 7. e4 a6 8. e5
b5 9. Qb3 Nfd7 10. Ng5 Nc6 11. Be3 Na5 12. Qd1 h6 13. Nxf7 Rxf7 14. e6 Rf8 15.
exd7 Bxd7 16. Be2 Be6 17. O-O Nc4 18. Qc2 Kh7 19. Bd3 Bf5 20. Bxf5 Rxf5 21. b3
Na3 22. Qe4 b4 23. Ne2 Rb8 24. Nf4 Qd6 25. Rac1 e5 26. Rc6 Qxc6 27. Qxc6 exf4
28. Bd2 Nb5 29. Re1 Rb6 30. Qc4 a5 31. Re8 Bf8 32. Re5 Rxe5 33. dxe5 g5 34. g3
fxg3 35. hxg3 Bg7 36. f4 1-0

[Event "USCL Week 9"]
[Site "Internet Chess Club"]
[Date "2015.10.20"]
[Round "?"]
[White "Tang, Andrew"]
[Black "Vaidya, Atulya"]
[Result "0-1"]
[WhiteElo "2475"]
[BlackElo "2271"]
[PlyCount "66"]
[EventDate "2015.??.??"]

1. d4 d6 2. c4 g6 3. Nc3 Bg7 4. e4 Nf6 5. f3 O-O 6. Nge2 c5 7. d5 e6 8. Ng3
exd5 9. cxd5 a6 10. a4 Nbd7 11. Be2 Ne8 12. Be3 f5 13. Qd2 fxe4 14. Ngxe4 Ne5
15. O-O Nf6 16. Nxf6+ Bxf6 17. Ne4 Bg7 18. h3 Bf5 19. Nf2 Qh4 20. f4 Nd7 21.
Ng4 Rae8 22. Bf2 Qd8 23. Ne3 Nf6 24. Nxf5 Ne4 25. Qc2 Rxf5 26. Be1 Qf6 27. Bg4
Rxf4 28. Bc3 Nxc3 29. bxc3 Rf8 30. Rxf4 Qxf4 31. Re1 Be5 32. Bf3 Qh2+ 33. Kf1
Rxf3+ 0-1

[Event "USCL Week 9"]
[Site "Internet Chess Club"]
[Date "2015.10.20"]
[Round "?"]
[White "Stripunsky, Alex"]
[Black "Becerra, Julio"]
[Result "1/2-1/2"]
[WhiteElo "2661"]
[BlackElo "2616"]
[PlyCount "95"]
[EventDate "2015.??.??"]

1. d4 Nf6 2. c4 g6 3. Nc3 Bg7 4. e4 d6 5. Nge2 O-O 6. f3 Nc6 7. Be3 a6 8. Qd2
Rb8 9. Rc1 Bd7 10. Nd1 e5 11. d5 Ne7 12. g3 c6 13. Bg2 Ne8 14. b4 f5 15. O-O
fxe4 16. fxe4 Rxf1+ 17. Bxf1 cxd5 18. cxd5 Rc8 19. Rxc8 Nxc8 20. Nec3 Nf6 21.
h3 Nh5 22. Kh2 Bf6 23. a4 a5 24. b5 Qf8 25. Qf2 Bd8 26. Qxf8+ Kxf8 27. Nb2 Bb6
28. Bh6+ Ke8 29. Nc4 Bc5 30. Nd1 b6 31. Bg5 Kf7 32. Kg2 Nf6 33. Kf3 Kg7 34.
Ndb2 h6 35. Bc1 Bd4 36. g4 Be8 37. Nd3 g5 38. Ne1 Bg6 39. Bd3 Bc3 40. Bd2 Bxd2
41. Nxd2 Kf8 42. Ke3 Nd7 43. Nc4 Ke7 44. Bc2 Nc5 45. Nf3 Kf6 46. Nfd2 h5 47.
Nf1 h4 48. Nfd2 1/2-1/2

[Event "USCL Week 9"]
[Site "Internet Chess Club"]
[Date "2015.10.20"]
[Round "?"]
[White "Jacobson, Brandon"]
[Black "Pelaez, Jorge"]
[Result "1-0"]
[WhiteElo "2192"]
[BlackElo "2233"]
[PlyCount "113"]
[EventDate "2015.??.??"]

1. d4 d5 2. c4 e6 3. Nf3 c6 4. Bg5 Be7 5. Bxe7 Nxe7 6. e3 O-O 7. Bd3 Nd7 8. Nc3
f5 9. O-O Nf6 10. Ne5 Bd7 11. c5 Be8 12. b4 Ne4 13. Ne2 Ng6 14. f3 Nf6 15. Nf4
Qe7 16. Nfxg6 hxg6 17. a4 Nd7 18. Nxd7 Bxd7 19. f4 g5 20. Re1 g4 21. g3 a6 22.
Re2 Rfb8 23. h3 gxh3 24. Rh2 g6 25. Qf3 b6 26. g4 bxc5 27. Qxh3 Qg7 28. gxf5
exf5 29. bxc5 Rb3 30. Bc2 Rc3 31. Rd1 Rb8 32. Rd3 Rc4 33. Rb3 Rxb3 34. Bxb3
Rc1+ 35. Kf2 Rb1 36. Bc2 Rb2 37. Ke1 a5 38. Qh4 Rb8 39. Kd2 Kf7 40. Kc1 Kg8 41.
Bd1 Be8 42. Kc2 Kf8 43. Kc3 Bf7 44. Bb3 Be8 45. Kc2 Bd7 46. Qe1 Rb4 47. Qh1 Kg8
48. Bxd5+ cxd5 49. Qxd5+ Kf8 50. c6 Be8 51. Qc5+ Kg8 52. c7 Qf7 53. Qxb4 axb4
54. c8=Q Qa2+ 55. Kd1 Qb1+ 56. Ke2 Qd3+ 57. Kxd3 1-0

[Event "USCL Week 9"]
[Site "Internet Chess Club"]
[Date "2015.10.20"]
[Round "?"]
[White "So, Wesley"]
[Black "Sadorra, Julio"]
[Result "0-1"]
[WhiteElo "2847"]
[BlackElo "2635"]
[PlyCount "110"]
[EventDate "2015.??.??"]

1. e4 e6 2. d4 d5 3. Nc3 Nf6 4. e5 Nfd7 5. f4 c5 6. Nf3 Nc6 7. Be3 Be7 8. Qd2
O-O 9. dxc5 Bxc5 10. O-O-O Qa5 11. a3 Be7 12. Kb1 Rd8 13. Nd4 Nxd4 14. Bxd4 Nb8
15. Bf2 Nc6 16. Qe1 Rb8 17. Nb5 Qxe1 18. Rxe1 a6 19. Nd4 Nxd4 20. Bxd4 Bd7 21.
c3 Bb5 22. Bxb5 axb5 23. Rhf1 Rdc8 24. Rd1 Ra8 25. f5 Bc5 26. Bxc5 Rxc5 27. Rd4
exf5 28. Rxf5 Re8 29. Kc2 g6 30. Rf6 Rxe5 31. Rb6 Re7 32. b4 Rc6 33. Rxb5 Rec7
34. Kb2 Rxc3 35. Rd2 Re3 36. Rbxd5 Rcc3 37. Ra5 h5 38. Ra7 h4 39. Rf2 Rb3+ 40.
Ka2 Kg7 41. h3 g5 42. Rxb7 Rxa3+ 43. Kb2 Reb3+ 44. Kc2 Ra2+ 45. Kxb3 Rxf2 46.
b5 Rxg2 47. b6 Rg1 48. Kc2 Re1 49. Rd7 Re6 50. b7 Rb6 51. Kd3 g4 52. hxg4 h3
53. Rd5 Rxb7 54. Rh5 Rb6 55. g5 Rb8 0-1

[Event "USCL Week 9"]
[Site "Internet Chess Club"]
[Date "2015.10.20"]
[Round "?"]
[White "Kim, Yoon-Young"]
[Black "Wang, Steve"]
[Result "0-1"]
[WhiteElo "2240"]
[BlackElo "2233"]
[PlyCount "98"]
[EventDate "2015.??.??"]

1. d4 d5 2. Nf3 Nf6 3. c4 c6 4. e3 Bf5 5. Nc3 e6 6. Nh4 Bg6 7. Be2 Nbd7 8. g3
Be7 9. O-O O-O 10. Nxg6 hxg6 11. Qb3 Qb6 12. Bd2 Rfe8 13. Qc2 Qd8 14. c5 b5 15.
b4 a5 16. a3 axb4 17. axb4 e5 18. Ra2 exd4 19. exd4 Ne4 20. Nxe4 dxe4 21. d5
cxd5 22. Bxb5 Qc7 23. Bf4 Qb7 24. Ba4 Rec8 25. Qb3 Nf6 26. Be5 Ng4 27. Bd4 Rab8
28. Rb1 Bf6 29. c6 Qe7 30. Qxd5 e3 31. fxe3 Nxe3 32. Bxe3 Qxe3+ 33. Kg2 Rc7 34.
Qf3 Qd4 35. b5 g5 36. h3 Re7 37. Bb3 Rf8 38. b6 Re3 39. Qg4 Qd3 40. c7 Be5 41.
Bxf7+ Kxf7 42. Rf2+ Kg6 43. Rxf8 Rxg3+ 44. Qxg3 Qxg3+ 45. Kf1 Qd3+ 46. Kg2 Qe4+
47. Rf3 Bd4 48. Re1 Qxe1 49. c8=Q Qg1# 0-1

[Event "USCL Week 9"]
[Site "Internet Chess Club"]
[Date "2015.10.20"]
[Round "?"]
[White "Yanovsky, Vlad"]
[Black "Jacobson, Aaron"]
[Result "1-0"]
[WhiteElo "2229"]
[BlackElo "2211"]
[PlyCount "133"]
[EventDate "2015.??.??"]

1. d4 Nf6 2. Nf3 d5 3. c4 e6 4. g3 Be7 5. Bg2 O-O 6. O-O dxc4 7. Qc2 a6 8. a4
Bd7 9. Rd1 Bc6 10. Nc3 Nd5 11. e4 Nb4 12. Qe2 Nd3 13. Be3 b5 14. d5 b4 15. dxc6
bxc3 16. bxc3 Nxc6 17. Nd2 Nb2 18. Rdb1 Qd3 19. Qxd3 Nxd3 20. Nxc4 Rab8 21. Kf1
Bc5 22. Rd1 Rfd8 23. Ke2 Bxe3 24. Kxe3 Nc5 25. a5 Kf8 26. Bf3 Ke8 27. Rxd8+
Rxd8 28. Rd1 Rb8 29. e5 Ne7 30. Kd2 Rb5 31. Kc2 Nd7 32. Be2 Nxe5 33. Nd6+ cxd6
34. Bxb5+ axb5 35. Rxd6 N5c6 36. a6 Na7 37. Rb6 Nec6 38. Rb7 g6 39. Kd3 Kf8 40.
f4 h6 41. Ke4 h5 42. h3 Ke8 43. g4 hxg4 44. hxg4 Kf8 45. Kf3 Ke8 46. Kg3 Kf8
47. Kh4 f6 48. Rc7 Ke8 49. Rg7 Ne7 50. Rh7 Kd7 51. Rf7 f5 52. Kg5 Ke8 53. Rh7
fxg4 54. Kxg4 Kd7 55. Kg5 Kd6 56. Kf6 Nec6 57. Kxg6 Nc8 58. Rb7 N8a7 59. Kf6
Kd5 60. Rd7+ Kc4 61. Kxe6 Kxc3 62. f5 b4 63. f6 b3 64. f7 b2 65. f8=Q b1=Q 66.
Qc5+ Kb3 67. Rb7+ 1-0

[Event "USCL Week 9"]
[Site "Internet Chess Club"]
[Date "2015.10.21"]
[Round "?"]
[White "Yang, Yi"]
[Black "Corallo, Michael"]
[Result "1/2-1/2"]
[WhiteElo "2312"]
[BlackElo "2359"]
[PlyCount "38"]
[EventDate "2015.??.??"]

1. e4 e5 2. Nf3 Nc6 3. Bb5 Nf6 4. O-O Nxe4 5. d4 Nd6 6. Bxc6 dxc6 7. dxe5 Nf5
8. Qxd8+ Kxd8 9. Rd1+ Ke8 10. Bf4 Ne7 11. c4 Ng6 12. Bg3 Bg4 13. Rd3 Rd8 14.
Rxd8+ Kxd8 15. Ng5 Ke8 16. Nc3 Be7 17. Nge4 Kd7 18. h3 Be6 19. b3 Rd8 1/2-1/2

[Event "USCL Week 9"]
[Site "Internet Chess Club"]
[Date "2015.10.21"]
[Round "?"]
[White "Taghizadeh, Rayan"]
[Black "Davisson, Richard"]
[Result "1-0"]
[WhiteElo "2245"]
[BlackElo "1900"]
[PlyCount "69"]
[EventDate "2015.??.??"]

1. e4 e5 2. Nf3 Nc6 3. Bc4 Bc5 4. O-O Nf6 5. d3 O-O 6. Nbd2 d6 7. c3 a6 8. Bb3
Be6 9. Re1 h6 10. Nf1 Bg4 11. h3 Bh5 12. Ng3 Bg6 13. Nh2 Ne7 14. Qf3 Qd7 15.
Bxh6 gxh6 16. Qxf6 Kh7 17. Ng4 Ng8 18. Qh4 Qe7 19. Qxe7 Nxe7 20. Nf6+ Kg7 21.
Nd7 Bxf2+ 22. Kxf2 Rfd8 23. Nxe5 dxe5 24. Re3 Rd6 25. Ke2 Nc6 26. Rf1 Nd8 27.
Ref3 Ne6 28. Bxe6 Rxe6 29. h4 Rf8 30. h5 Bh7 31. Nh1 f6 32. Nf2 Bg8 33. Ng4 Rf7
34. Rg3 f5 35. Nxe5+ 1-0

[Event "USCL Week 9"]
[Site "Internet Chess Club"]
[Date "2015.10.21"]
[Round "?"]
[White "Ruiz, Joshua"]
[Black "Liu, Elliott"]
[Result "0-1"]
[WhiteElo "2491"]
[BlackElo "2329"]
[PlyCount "56"]
[EventDate "2015.??.??"]

1. e4 e6 2. d4 d5 3. Nc3 Nf6 4. Bg5 dxe4 5. Nxe4 Be7 6. Bxf6 gxf6 7. Nf3 f5 8.
Nc3 a6 9. Qe2 b5 10. O-O-O b4 11. Na4 Qd5 12. Kb1 Nd7 13. g3 Bb7 14. Bg2 Qb5
15. Qxb5 axb5 16. Nc5 Nxc5 17. dxc5 Bxc5 18. Rhf1 Ra6 19. Ne1 Bxg2 20. Nxg2 Ke7
21. Nf4 Rha8 22. a3 bxa3 23. b3 a2+ 24. Ka1 Bb4 25. Ne2 Rc6 26. c4 bxc4 27. Rc1
Bd2 28. Rc2 Bh6 0-1

[Event "USCL Week 9"]
[Site "Internet Chess Club"]
[Date "2015.10.21"]
[Round "?"]
[White "Perelshteyn, Eugene"]
[Black "Aaron, Deepak"]
[Result "1-0"]
[WhiteElo "2592"]
[BlackElo "2416"]
[PlyCount "107"]
[EventDate "2015.??.??"]

1. Nf3 d5 2. g3 Nf6 3. Bg2 e6 4. O-O Bd6 5. d4 O-O 6. c4 b6 7. cxd5 exd5 8. Nc3
Re8 9. Qc2 h6 10. Re1 Bb7 11. Nb5 Qd7 12. Nxd6 cxd6 13. Bd2 Nc6 14. e3 Rec8 15.
Qa4 Ne4 16. Rec1 a5 17. Be1 Ba6 18. Nd2 Nf6 19. a3 Rc7 20. Qd1 Rac8 21. f3 Qe6
22. Bf2 Be2 23. Qe1 Bb5 24. h4 a4 25. g4 Bd3 26. Rc3 Bc4 27. Nxc4 dxc4 28. e4
d5 29. e5 Ne8 30. Qd1 Ra7 31. f4 Nc7 32. f5 Qd7 33. g5 Nb5 34. Rg3 Ne7 35. gxh6
Nxf5 36. Bh3 g6 37. Rg5 Kh8 38. Bxf5 gxf5 39. Qh5 c3 40. bxc3 Nxc3 41. Kh2 Ne4
42. Rag1 Qe6 43. Rxf5 Rc2 44. Rg2 Rac7 45. h7 Rc8 46. Rxf7 Rxf2 47. Rgxf2 Nxf2
48. Rxf2 Qe7 49. Qg4 Rf8 50. Rf3 b5 51. Qg5 Qe8 52. Rg3 Qf7 53. e6 Qxh7 54.
Qe5+ 1-0

[Event "USCL Week 9"]
[Site "Internet Chess Club"]
[Date "2015.10.21"]
[Round "?"]
[White "Ginsburg, Mark"]
[Black "Akobian, Varuzhan"]
[Result "0-1"]
[WhiteElo "2404"]
[BlackElo "2721"]
[PlyCount "62"]
[EventDate "2015.??.??"]

1. e4 e6 2. d4 d5 3. Nc3 Bb4 4. Nge2 dxe4 5. a3 Bxc3+ 6. Nxc3 Nc6 7. Bb5 Nge7
8. O-O O-O 9. Be3 f5 10. Ne2 a6 11. Ba4 b5 12. Bb3 Nd5 13. c4 bxc4 14. Bxc4
Nce7 15. Qd2 Qd6 16. g3 a5 17. Rfc1 Ba6 18. b3 Nxe3 19. fxe3 Rfb8 20. Nf4 Bxc4
21. bxc4 a4 22. Rc3 Rb3 23. Rxb3 axb3 24. Qb2 Rb8 25. Rc1 Nc6 26. c5 Qd7 27.
Qc3 Ne7 28. Qc4 g5 29. Ne2 Nd5 30. Kf2 b2 31. Rb1 Qb5 0-1